| 000 | 00630cam a2200205 a 4500 | ||
|---|---|---|---|
| 001 | 000019168 | ||
| 005 | 20200929165934.0 | ||
| 008 | 821013s1980 cr a 000 p spa d | ||
| 035 | _a(DLC) 82219138 | ||
| 040 |
_aDO-SdBNP _cDLC _dDLC _dBNPHU |
||
| 082 |
_aCa861.42 _bD633r |
||
| 100 | 1 |
_aDobles Segreda, Luis, _d1891-1956. _93113 |
|
| 245 | 1 | 0 |
_aRosa mística / _cLuis Dobles Segreda. |
| 260 |
_aSan José : _bCosta Rica, _c1980. |
||
| 300 |
_a149 p. : _bil., ; _c21 cm. |
||
| 650 | 4 |
_aPoesía costarricense _95301 |
|
| 650 | 4 |
_aLiteratura costarricense _ySIGLO XX _922789 |
|
| 910 | _aCatalogación derivada / LC | ||
| 049 | _aBNGR | ||
| 999 |
_c18686 _d18686 |
||